Riigid, mis algavad tähega E - Statistics

General Stats
  • This quiz has been taken 25 times
  • The average score is 5 of 8
Answer Stats
Maa % Correct
Eesti
100%
Ecuador
76%
Etioopia
71%
Eritrea
65%
El Salvador
47%
Egiptus
41%
Ekvatoriaal-Guinea
35%
Elevandiluurannik
35%
No matching quizzes found
Score Distribution
Percent of People with Each Score
Percentile by Number Answered
Your Score History
You have not taken this quiz